Tackling gender inequality, raising pupil achievement /

Bibliographic Details
Other Authors: Forde, Christine
Format: Book
Language:English
Published: Edinburgh : Dunedin Academic Press, [2008]
Series:Policy and practice in education ; 20.
Subjects:

MARC

Tag First Indicator Second Indicator Subfields
LEADER 00000cam a2200000 a 4500
001 in00002385021
005 20151109065112.0
008 070801s2008 stk b 001 0 eng
015 |a GBA762509  |2 bnb 
016 7 |a 013811681  |2 Uk 
020 |a 1903765749 (pbk.) 
020 |a 9781903765746 (pbk.) 
020 |z 9781903765753 
035 |a (OCoLC)ocn148694784 
035 |a (OCoLC)148694784 
040 |a UKM  |c UKM  |d BTCTA  |d BAKER  |d YDXCP  |d BWKUK  |d VYF  |d UtOrBLW 
049 |a TXAM 
050 4 |a LC212.8  |b .T33 2008 
082 0 4 |a 379.260941  |2 22 
245 0 0 |a Tackling gender inequality, raising pupil achievement /  |c edited by Christine Forde. 
264 1 |a Edinburgh :  |b Dunedin Academic Press,  |c [2008] 
264 4 |c ©2008 
300 |a vii, 86 pages ;  |c 22 cm. 
336 |a text  |b txt  |2 rdacontent 
337 |a unmediated  |b n  |2 rdamedia 
338 |a volume  |b nc  |2 rdacarrier 
490 1 |a Policy and practice in education ;  |v 20 
504 |a Includes bibliographical references (pages 73-79) and index. 
505 0 |a Gender in an inclusion agenda: boys first, girls first? / Christine Forde -- Responding to concerns: policies and strategies in gender and education / Rae Condie -- Literacy and gender - contextualisation and development / Alastair McPhee -- Organising boys and girls: are single-gender contexts the way forward? / Jean Kane -- Self-concept, self-esteem, identity and gender / George Head -- Taking gender forward / Rae Condie, Christine Forde and George Head. 
650 0 |a Sex discrimination in education  |z Great Britain. 
650 0 |a Academic achievement  |z Great Britain. 
700 1 |a Forde, Christine. 
830 0 |a Policy and practice in education ;  |v 20. 
938 |a Baker and Taylor  |b BTCP  |n BK0007041701 
938 |a Baker & Taylor  |b BKTY  |c 25.95  |d 25.95  |i 1903765749  |n 0007041701  |s active 
938 |a YBP Library Services  |b YANK  |n 100480229 
945 |a PromptCat  |b 218848 
946 |a stk 
947 |a A14835727927 
994 |a 92  |b TXA 
948 |a cataloged  |b h  |c 2008/6/16  |d c  |e asalazar  |f 2:11:37 pm 
999 |a MARS 
999 f f |s e62d9f3f-1cca-3007-8192-146959221956  |i 5be87707-d9e9-36b5-ac08-814b589ddae3  |t 0 
952 f f |p normal  |a Texas A&M University  |b College Station  |c Sterling C. Evans Library  |d Evans: Library Stacks  |t 0  |e LC212.8 .T33 2008  |h Library of Congress classification  |i unmediated -- volume  |m A14835727927 
998 f f |a LC212.8 .T33 2008  |t 0  |l Evans: Library Stacks